000 00824 a2200265 4500
999 _c8638
_d8638
020 _a9780194799126
050 _aREF PE1628 OXF 2010
100 _aOXFORD
_eAuthor
245 _aOxford Advanced Learner's Dictionary
250 _aInternational student's edition
264 _aOxford
_bOxford University Press
_c2010
300 _a1732p
500 _aIncludes visual vocabulary builder and reference section
650 _aDictionary
700 _aA.S. Hornby
_eEditor
700 _aJoanna Turnbull
700 _aMichael Ashby
_ePhonetics editor
700 _aVictoria Bull
_eEditor
700 _aSuzanne Webb
_eEditor
700 _aBen Francis
_eEditor
700 _aPatrick Phillips
_eEditor
700 _aDilys Parkinson
_eEditor
700 _aDiana Lea
_eEditor
942 _2lcc
_cBK
_eEighth edition
_h1628
_iOXF
_kPE